Manual de estadística con Microsoft Excel

Guardat en:
Dades bibliogràfiques
Autor principal: Cristófoli, María Elizabeth (Autor)
Format: Llibre
Idioma:espanyol
Publicat: Buenos Aires Omicron System 2003
Edició:1a. ed
Matèries:
Etiquetes: Afegir etiqueta
Sense etiquetes, Sigues el primer a etiquetar aquest registre!

MARC

LEADER 00000cam a2200000 a 4500
001 UCL7143
003 CL-VaPUC
008 040507e20030000AG |||||||||||||||||spa|d
020 |a 9871046243 
082 0 4 |a 519.5  |b CRI  |2 21 
100 0 |a Cristófoli, María Elizabeth  |e author  |9 484945 
245 1 0 |a Manual de estadística con Microsoft Excel 
250 |a 1a. ed 
300 |a 240 p 
942 |c BK 
945 |d 20040507 00:00:00  |a cmena 
260 |a Buenos Aires  |b Omicron System  |c 2003 
500 |a Incluye Cd-Rom con planillas listas para usar 
650 0 |a Estadística matemática  |9 260028 
650 0 |a Gestión de la información   |9 362327 
650 0 |a Muestreo (Estadística)  |9 270232 
650 0 |a Software  |9 387312 
583 |a last modification  |c 20130430 01:49:49  |k Rodrigo Vera 
999 |c 308998  |d 308996 
952 |0 0  |1 0  |4 0  |6 519_500000000000000_CRI_2003  |7 0  |8 A  |9 376036  |a BIBING  |b BIBING  |d 2019-11-21  |i 4013069  |o 519.5 CRI 2003  |p 4013069  |r 2025-01-20  |w 2019-11-21  |y BK  |k TRA 
952 |0 0  |1 0  |4 0  |6 519_500000000000000_CRI_2003  |7 0  |8 A  |9 376037  |a BIBING  |b BIBING  |d 2019-11-21  |i 4013077  |o 519.5 CRI 2003  |p 4013077  |r 2025-01-20  |w 2019-11-21  |y BK  |k TRA 
952 |0 0  |1 0  |4 0  |6 519_500000000000000_CRI_2003  |7 0  |8 A  |9 376038  |a BIBING  |b BIBING  |d 2019-11-21  |i 4019490  |o 519.5 CRI 2003  |p 4019490  |r 2025-01-20  |w 2019-11-21  |y BK  |k EII 
952 |0 0  |1 0  |4 0  |6 519_500000000000000_CRI_2003  |7 0  |8 A  |9 376039  |a BIBING  |b BIBING  |d 2019-11-21  |i 4969219  |o 519.5 CRI 2003  |p 4969219  |r 2025-01-20  |w 2019-11-21  |y BK  |k TRA